000 00748nam a2200289Ia 4500
005 20260324133452.0
008 008 260324s9999 xx 000 0 eng d
020 _a9781315263878
037 _aEBOOK
040 _aCRL
040 _beng
040 _cCRL
041 _2eng
041 _aeng
084 _qCRL
100 _aDouglas A. Wiegmann; Scott A. Shappell
_91193216
245 2 _aA Human Error Approach to Aviation Accident Analysis
245 4 _bThe Human Factors Analysis and Classification System
260 _bTaylor and Francis
260 _c2003
365 _a
365 _b355
856 _uhttp://www.taylorfrancis.com/books/9781315263878
942 _cEBOOK
999 _c1792274
_d1792274